| 000 | 01526nam a22004697a 4500 | ||
|---|---|---|---|
| 005 | 20180312110728.0 | ||
| 008 | 180312b xxu||||| |||| 00| 0 spa d | ||
| 020 | _a9788449332692 | ||
| 041 | _aspa | ||
| 082 | _a153.43 N322p | ||
| 100 |
_aNavarro, Ángels _946129 |
||
| 245 | _aPon en marcha tu cerebro: descubre las claves para comprender y agilizar tu mente | ||
| 260 | _aEspaña | ||
| 260 | _bPaidós | ||
| 260 | _c2016 | ||
| 300 | _a240 páginas | ||
| 505 | _aEste libro contiene 177 juegos para mantener activo el cerebro. | ||
| 650 |
_aRAZONAMIENTO _914880 |
||
| 650 |
_aENTRENAMIENTO MENTAL _97122 |
||
| 650 |
_aSISTEMA NERVIOSO _91367 |
||
| 650 |
_aEL CEREBRO _946130 |
||
| 650 |
_aARQUITECTURA CEREBRAL _946131 |
||
| 650 |
_aNEUROCIENCIA _9269 |
||
| 650 |
_aNEUROPLASTICIDAD _921425 |
||
| 650 |
_aNEUROGÉNESIS _946132 |
||
| 650 |
_aPREVENCIÓN DEL DETERIORO CEREBRAL _946133 |
||
| 650 |
_aINTELIGENCIA _946134 |
||
| 650 |
_aCOEFICIENTE INTELECTUAL _914331 |
||
| 650 |
_aHABILIDADES CONGNITIVAS _946135 |
||
| 650 |
_aFUNCIONES EJECUTIVAS _946136 |
||
| 650 |
_aRAZONAMIENTO LÓGICO _97123 |
||
| 650 |
_aRAZONAMIENTO ABSTRACTO _94540 |
||
| 650 |
_aCAPACIDAD VISUOPERCEPTIVAS _946137 |
||
| 650 |
_aCAPACIDAD VISUOESPACIALES _946138 |
||
| 650 |
_aRAZONAMIENTO LÓGICO-MATEMÁTICO _946139 |
||
| 650 |
_aEMOCIONES _9274 |
||
| 650 |
_aLA MEMORIA _946140 |
||
| 650 |
_aTIPOS DE MEMORIA _93642 |
||
| 650 |
_aENVEJECIMIENTO Y MEMORIA _946141 |
||
| 650 |
_aJUEGOS MENTALES _946142 |
||
| 942 | _cBK | ||
| 999 |
_c10436 _d10436 |
||